000
00365nam a2200145Ia 4500
008
090122s9999 xx 000 0 und d
082
_b
8660
_a
891.463
100
_a
मुसळे
_b
बाबाराव
245
_a
पखाल
600
_a
मुसळे
630
_a
पखाल
700
_a
मुसळे
730
_a
पखाल
942
_c
BOOK
999
_c
32737
_d
32737